000
00270nam a2200097Ia 4500
008
220204s9999 xx 000 0 und d
082
_a
058(540)
_b
IND
245
0
_a
India: A reference annual 1964, 1971-72
260
_a
India
_b
Ministry of Infn and Broadcasting
942
_c
BK
999
_c
23852
_d
23852